<?xml version="1.0" encoding="UTF-8"?>
<record
    xmlns:xsi="http://www.w3.org/2001/XMLSchema-instance"
    xsi:schemaLocation="http://www.loc.gov/MARC21/slim http://www.loc.gov/standards/marcxml/schema/MARC21slim.xsd"
    xmlns="http://www.loc.gov/MARC21/slim">

  <leader>00979nam a2200241Ia 4500</leader>
  <controlfield tag="003">IN-BaIIA</controlfield>
  <controlfield tag="008">211028s9999    xx            000 0 eng d</controlfield>
  <datafield tag="020" ind1=" " ind2=" ">
    <subfield code="a">1-58381-203-2</subfield>
  </datafield>
  <datafield tag="040" ind1=" " ind2=" ">
    <subfield code="c">IIA Library</subfield>
  </datafield>
  <datafield tag="080" ind1=" " ind2=" ">
    <subfield code="a">082.2:52</subfield>
    <subfield code="b">ASP-337</subfield>
  </datafield>
  <datafield tag="111" ind1=" " ind2=" ">
    <subfield code="a">Meeting on the Nature and Evolution of Disks Around Hot Stars</subfield>
    <subfield code="c">USA</subfield>
    <subfield code="d">2004 July 7-9</subfield>
    <subfield code="9">30462</subfield>
  </datafield>
  <datafield tag="245" ind1=" " ind2="4">
    <subfield code="a">The nature and evolution of disks around hot stars</subfield>
    <subfield code="b">proceedings of a meeting held in Johnson City, Tennessee, USA, 7-9 Jul 2004</subfield>
    <subfield code="c">edited by Richard Ignace and K. G. Gayley                                                </subfield>
  </datafield>
  <datafield tag="260" ind1=" " ind2=" ">
    <subfield code="a">San Francisco</subfield>
    <subfield code="b">Astronomical Society of the Pacific</subfield>
    <subfield code="c">2005</subfield>
  </datafield>
  <datafield tag="300" ind1=" " ind2=" ">
    <subfield code="a">xiv, 358p.</subfield>
  </datafield>
  <datafield tag="490" ind1=" " ind2=" ">
    <subfield code="a">ASP conference series; v. 337</subfield>
  </datafield>
  <datafield tag="650" ind1=" " ind2=" ">
    <subfield code="a">Early stars</subfield>
    <subfield code="9">30463</subfield>
  </datafield>
  <datafield tag="650" ind1=" " ind2=" ">
    <subfield code="a">Hot stars</subfield>
    <subfield code="9">14693</subfield>
  </datafield>
  <datafield tag="650" ind1=" " ind2=" ">
    <subfield code="a">Stars - evolution</subfield>
    <subfield code="9">10853</subfield>
  </datafield>
  <datafield tag="700" ind1=" " ind2=" ">
    <subfield code="a">Gayley, K. G., ed.</subfield>
    <subfield code="9">30464</subfield>
  </datafield>
  <datafield tag="700" ind1=" " ind2=" ">
    <subfield code="a">Ignace, Richard, ed.</subfield>
    <subfield code="9">30465</subfield>
  </datafield>
  <datafield tag="710" ind1=" " ind2=" ">
    <subfield code="a">Astronomical Society of the Pacific</subfield>
    <subfield code="9">1154</subfield>
  </datafield>
  <datafield tag="942" ind1=" " ind2=" ">
    <subfield code="c">BK</subfield>
  </datafield>
  <datafield tag="999" ind1=" " ind2=" ">
    <subfield code="c">16427</subfield>
    <subfield code="d">16427</subfield>
  </datafield>
  <datafield tag="952" ind1=" " ind2=" ">
    <subfield code="0">0</subfield>
    <subfield code="1">0</subfield>
    <subfield code="4">0</subfield>
    <subfield code="7">0</subfield>
    <subfield code="a">BAN</subfield>
    <subfield code="b">BAN</subfield>
    <subfield code="c">GEN</subfield>
    <subfield code="d">2007-03-02</subfield>
    <subfield code="e">ASP   </subfield>
    <subfield code="g">3411.10</subfield>
    <subfield code="l">0</subfield>
    <subfield code="o">082.2:52/ ASP-337</subfield>
    <subfield code="p">17349</subfield>
    <subfield code="r">2021-11-05</subfield>
    <subfield code="v">3411.10</subfield>
    <subfield code="w">2007-03-02</subfield>
    <subfield code="y">BK</subfield>
    <subfield code="G">Rs. 3411.10</subfield>
  </datafield>
</record>
